00800 a2200193 4500003000500000005001700005040000900022082001200031100002300043245007200066260004000138300001800178505019600196600002200392650002900414942002100443999001900464952012300483Nust20230504125659.0 cNust a973,ING aH.L .Ingle9112111 aAmerican History: A brief view through reconstruction / cH.L.Ingle aBoston, bLittle Brown Cop, c1978. axi,291,lx, p. aGenesis (Page-1), Revolutionary (Page-55), Experiment in Nation Building (Page-103), Toward a National Unity (Page-157), Toward Sectional Division (Page-205), Civil War and Beyond (Page-247). aH.L.Ingle9112112 aAmerican History9109008 2ddccBKk973,ING c187179d187179 00102ddc4070aMCSbMCScGENd2016-12-12o973,INGpMCS20806r2016-12-08w2016-12-12yBKzAlmirah No. 75, Shelf No. 8